000 01159nam a2200277 i 4500
001 88899
003 ES-MaACL
005 20250805054930.0
007 t|
008 041229s1994 be a |||| | fre d
020 _a2-87193-185-2
080 _a929 Carlos (460) I (083.824)
080 _a739.7.034(460)"15"(083.824)
080 _a745.552.034(460)"15"(083.824)
245 0 0 _aCharles Quint
_b: tapisseries et armures des collections royales d'Espagne.
260 _aBruxelles :
_bSnoeck-Ducaje & Zoon :
_bCrédit communal,
_c[1994]
300 _a215 p. :
_bil. col. y n. ;
_c30 cm.
500 _aCatálogo de la exposición "Charles Quint, tapisseries et armures des collections royales d'Espagne" presentada del 27 de enero al 24 de abril de 1994 en Musées royaux d'art er d'histoire á Bruxelles, organizada en colaboración con Patrimonio Nacional.
600 0 4 _aCarlos
_bI,
_cRey de España-
_vExposiciones
_935300
650 1 4 _aTapices-
_zEspaña.
_9184706
650 1 4 _aArmaduras-
_vExposiciones.
_9164769
655 7 _2tgfbne
_9193628
_aCatálogos de exposiciones
852 _aES-MaACL
_jE-10743
942 _2udc
999 _c88899
_d88899